00625nam a2200205 a 45000010005000000030008000050050017000130080039000300350018000690400032000870410008001190820025001271000024001522450096001762600038002723000033003105040036003436500026003797000014004059371BD-RjUL20211208234751.0161120s1972 at a b 001 0 eng a(BD-RjUL)9416 aDLCcDLCdEQOdBD-RjULbeng aeng a940.53bCAT 19722231 aCalvocoressi, Peter aTotal war :bcauses and courses of the Second World War /cPeter Calvocoressi and Guy Wint. aAustrlia :bPenguin Books,c1972. axiv, 965 p. :bill ;c23 cm. aIncludes Index and Bibliography aWorld War, 1939-1945. aWint, Guy